Movies Quiz

Random Movies or Actor Quiz

Ernie Hudson Movies Quiz Stats

Quiz Updated Nov 21, 2016

Challenge
Share
Tweet
Embed
Score 0/71 Timer 08:00
3 Plays Today
Year Movie % Correct
2016Ghostbusters
97.1%
1984Ghostbusters
95.7%
1989Ghostbusters II
74.5%
1994The Crow
19.9%
2000Miss Congeniality
17.7%
1995Congo
17.5%
1992The Hand that Rocks the Cradle
14.5%
2005Miss Congeniality 2: Armed and Fabulous
13.6%
1996The Substitute
12.4%
1994Airheads
12.3%
1995The Basketball Diaries
11.6%
1997Mr. Magoo
10.6%
2016Spaceman
10.2%
1989Leviathan
9.9%
2016God's Not Dead 2
9.9%
1994The Cowboy Way
9.6%
1994No Escape
9.5%
2014You're Not You
9.3%
2000The Watcher
9.2%
1993Sugar Hill
8.9%
1980The Jazz Singer
8.8%
1987Weeds
8.5%
1976Leadbelly
8.1%
1994Speechless
8%
1983Spacehunter: Adventures in the Forbidden Zone
7.9%
1979Joni
7.9%
1976The Human Tornado
7.9%
2009Dragonball: Evolution
7.8%
2006Hood of Horror
7.6%
1998Butter
7.5%
1983Going Berserk
7.3%
1982Penitentiary II
7.2%
1980The Octagon
7.1%
1984Joy of Sex
7.2%
1988The Wrong Guys
7.1%
1979The Main Event
7%
Year Movie % Correct
1983Two of a Kind
7%
2007Nobel Son
7%
1989Collision Course
6.8%
1997Fakin' Da Funk
6.7%
2007All Hat
6.7%
1998October 22
6.6%
1981Underground Aces
6.4%
2000Everything's Jake
6.4%
2010Game of Death
6.3%
1999Stealth Fighter
6.3%
1997Levitation
6.3%
1999A Stranger in the Kingdom
6.3%
1999Lillie
6.1%
2013Doonby
6.1%
2003Anne B. Real
6.1%
2009Lonely Street
5.9%
2000Red Letters
5.9%
2012Turning Point
5.9%
1996For Which He Stands
5.8%
1989Trapper County War
5.6%
2000Paper Bullets
5.5%
2005Halfway Decent
5.4%
2009Pastor Brown
5.3%
2015Gallows Road
5.2%
2016The Man in the Silo
5%
2005Marilyn Hotchkiss' Ballroom Dancing & Charm School
4.9%
2010Machete Joe
4.9%
1999Interceptor Force
4.5%
2009Fatal Secrets
4.2%
2012The Man in the Silo
4.1%
2014The Grim Sleeper
4.1%
2012Deer Crossing
4.1%
2012Ambush at Dark Canyon
4%
2014Merry Ex-Mas
3.9%
2012The Adventures of Mickey Matson and the Copperhead Treasure
3%

You're not logged in!

Compare scores with friends on all Sporcle quizzes.
Sign Up with Email
OR
Log In

You Might Also Like...

Show Comments

Extras

Top Quizzes Today


Score Distribution

Your Account Isn't Verified!

In order to create a playlist on Sporcle, you need to verify the email address you used during registration. Go to your Sporcle Settings to finish the process.